Handbook of augmented reality

Αποθηκεύτηκε σε:
Λεπτομέρειες βιβλιογραφικής εγγραφής
Άλλοι συγγραφείς: Furht, Borivoje (Επιμελητής έκδοσης)
Μορφή: Βιβλίο
Γλώσσα:English
Δημοσίευση: New York : Springer, 2011
Θέματα:
Ετικέτες: Προσθήκη ετικέτας
Δεν υπάρχουν, Καταχωρήστε ετικέτα πρώτοι!

MARC

LEADER 00000nam a2200000 i 4500
001 1/55701
008 140912s2011 eng d
020 |a 978-1-4614-0063-9 
035 |l 10119053 
040 |a GR-MY-UA  |b gre  |e aacr 
041 0 |a eng 
082 0 |a 006.6  |2 (23) 
245 1 0 |a Handbook of augmented reality /  |c επιμέλεια: Borko Furht 
260 |a New York :   |b Springer,   |c 2011 
300 |a 746 σ.;  |b εικ., σχήμ.;  |c 24 εκ. 
504 |a Περιλαμβάνει βιβλιογραφικές παραπομπές και ευρετήριο 
650 0 0 |a Computer science. 
650 0 0 |a Multimedia systems. 
650 0 0 |a Augmented reality. 
650 0 0 |a Computer graphics  |x Handbooks, manuals, etc. 
650 0 0 |a Computer vision. 
650 0 0 |a Icons (Computer graphics) 
700 1 |a Furht, Borivoje.  |4 edt 
852 |a INST  |b RHODES  |e 20140912  |h 006.6 HAN  |p 005400036746  |q 005400036746  |t BK  |y 0 
901 |a BIBL4-2014-3 
909 |a Ρ  |b 189819 
922 |a 4ΕΛΗ  |b 201406  |c ΤΑΚ/ΤΕΠΑΕΣ  |d ΔΙΑΔΡΟΜΕΣ 
970 |z 2014/09/12